| 000 | 00525nam a22001817a 4500 | ||
|---|---|---|---|
| 003 | CEME | ||
| 005 | 20210628202506.0 | ||
| 008 | 210122b xxu||||| |||| 00| 0 eng d | ||
| 020 | _a0-256-11449-8 | ||
| 040 | _c. | ||
| 082 | _a620.104 PAL | ||
| 100 |
_aPalm, William .J _959602 |
||
| 245 | _aSystem dynamics | ||
| 260 |
_aNEW YORK _bMCGRAW HILL _c2005 |
||
| 300 | _aXV,928 P | ||
| 650 |
_aAUTOMATIC CONTROL - MATHEMATICAL MODELS, DYNAMICS - MATHEMATICAL MODELS, SYSTEM ANALYSIS.SYSTEM DYNAMICS _960134 |
||
| 942 |
_cBK _2ddc |
||
| 999 |
_c569943 _d569943 |
||